000 00480nam a2200181Ia 4500
001 17647
005 20260306171532.0
008 260306s9999||||xx |||||||||||||| ||und||
041 _aESP
082 _a658.11
_bR56
100 _aRies, Eric
_eAUT
245 0 _aEl método Lean Startup:
_bcómo crear empresas de éxito utilizando la innovación continua
260 _c2018
300 _a319 páginas :
_c23 cm.
650 _aGEN
654 _aCAN
942 _cLIB
_dJUS
_fJUS
_2ddc
_n
999 _c17647
_d17647